<?xml version="1.0" encoding="UTF-8"?>
<record
    xmlns:xsi="http://www.w3.org/2001/XMLSchema-instance"
    xsi:schemaLocation="http://www.loc.gov/MARC21/slim http://www.loc.gov/standards/marcxml/schema/MARC21slim.xsd"
    xmlns="http://www.loc.gov/MARC21/slim">

  <leader>01354nam a2200253 a 4500</leader>
  <controlfield tag="001">74190</controlfield>
  <controlfield tag="003">BD-RjUL</controlfield>
  <controlfield tag="005">20211209082517.0</controlfield>
  <controlfield tag="008">180319r20141993bg ab||| |||| 00| 0 ben d</controlfield>
  <datafield tag="020" ind1=" " ind2=" ">
    <subfield code="a">9789845061933</subfield>
    <subfield code="c">: Tk. 150.00</subfield>
  </datafield>
  <datafield tag="035" ind1=" " ind2=" ">
    <subfield code="a">(BD-RjUL)74408</subfield>
  </datafield>
  <datafield tag="040" ind1=" " ind2=" ">
    <subfield code="a">BD-RjUL</subfield>
    <subfield code="b">ben</subfield>
    <subfield code="c">BD-RjUL</subfield>
    <subfield code="d">BD-RjUL</subfield>
  </datafield>
  <datafield tag="041" ind1=" " ind2=" ">
    <subfield code="a">ben</subfield>
  </datafield>
  <datafield tag="082" ind1=" " ind2=" ">
    <subfield code="2">23</subfield>
    <subfield code="a">363.73874</subfield>
    <subfield code="b">MAG 2014</subfield>
  </datafield>
  <datafield tag="100" ind1="1" ind2=" ">
    <subfield code="a">&#x9AE;&#x9BE;&#x9B9;&#x9A4;&#x9BE;&#x9AC;, &#x9AB;&#x9B8;&#x9BF;&#x9B9;&#x989;&#x9A6;&#x9CD;&#x9A6;&#x9BF;&#x9A8;</subfield>
    <subfield code="9">220665</subfield>
  </datafield>
  <datafield tag="245" ind1="1" ind2=" ">
    <subfield code="a">&#x997;&#x9CD;&#x9B0;&#x9C0;&#x9A8; &#x9B9;&#x9BE;&#x989;&#x99C; &#x9AA;&#x9CD;&#x9B0;&#x9A4;&#x9BF;&#x995;&#x9CD;&#x9B0;&#x9BF;&#x9AF;&#x9BC;&#x9BE; &#x993; &#x9AC;&#x9BE;&#x982;&#x9B2;&#x9BE;&#x9A6;&#x9C7;&#x9B6;&#x9C7; &#x9A4;&#x9BE;&#x9B0; &#x9AA;&#x9CD;&#x9B0;&#x9AD;&#x9BE;&#x9AC; /</subfield>
    <subfield code="c">&#x9AB;&#x9B8;&#x9BF;&#x9B9;&#x989;&#x9A6;&#x9CD;&#x9A6;&#x9BF;&#x9A8; &#x9AE;&#x9BE;&#x9B9;&#x9A4;&#x9BE;&#x9AC;, &#x9B8;&#x9BE;&#x9B2;&#x9C7;&#x9B9; &#x9AE;&#x9C1;&#x9B8;&#x9CD;&#x9A4;&#x9BE;&#x9AB;&#x9BE; &#x995;&#x9BE;&#x9AE;&#x9BE;&#x9B2; &#x98F;&#x9AC;&#x982; &#x99C;&#x9B9;&#x9C1;&#x9B0;&#x9C1;&#x9B2; &#x9B9;&#x995;</subfield>
  </datafield>
  <datafield tag="260" ind1=" " ind2=" ">
    <subfield code="a">&#x9A2;&#x9BE;&#x995;&#x9BE; :</subfield>
    <subfield code="b">&#x9A6;&#x9BF; &#x987;&#x989;&#x9A8;&#x9BF;&#x9AD;&#x9BE;&#x9B0;&#x9CD;&#x9B8;&#x9BF;&#x99F;&#x9BF; &#x9AA;&#x9CD;&#x9B0;&#x9C7;&#x9B8; &#x9B2;&#x9BF;&#x9AE;&#x9BF;&#x99F;&#x9C7;&#x9A1;,</subfield>
    <subfield code="c">&#x9E8;&#x9E6;&#x9E7;&#x9EA;</subfield>
  </datafield>
  <datafield tag="300" ind1=" " ind2=" ">
    <subfield code="a">iv, &#x9EC;&#x9E6; &#x9AA;&#x9C3;. :</subfield>
    <subfield code="b">&#x99A;&#x9BF;&#x9A4;&#x9CD;&#x9B0; ;</subfield>
    <subfield code="c">&#x9E8;&#x9E8; &#x9B8;&#x9C7;&#x9AE;&#x9BF;.</subfield>
  </datafield>
  <datafield tag="650" ind1=" " ind2=" ">
    <subfield code="a">&#x997;&#x9CD;&#x9B0;&#x9BF;&#x9A8;&#x9B9;&#x9BE;&#x989;&#x99C; &#x9AA;&#x9CD;&#x9B0;&#x9AD;&#x9BE;&#x9AC;, &#x9AC;&#x9BE;&#x9AF;&#x9BC;&#x9C1;&#x9AE;&#x9A8;&#x9CD;&#x9A1;&#x9B2;&#x9C0;&#x9AF;&#x9BC;</subfield>
    <subfield code="9">220666</subfield>
    <subfield code="x">&#x9AA;&#x9B0;&#x9BF;&#x9AC;&#x9C7;&#x9B6;&#x997;&#x9A4; &#x9A6;&#x9BF;&#x995;</subfield>
    <subfield code="z">&#x9AC;&#x9BE;&#x982;&#x9B2;&#x9BE;&#x9A6;&#x9C7;&#x9B6;</subfield>
  </datafield>
  <datafield tag="650" ind1=" " ind2=" ">
    <subfield code="a">Greenhouse effect, Atmospheric</subfield>
    <subfield code="9">220667</subfield>
    <subfield code="x">Environmental aspects</subfield>
    <subfield code="z">Bangladesh. </subfield>
  </datafield>
  <datafield tag="700" ind1="1" ind2=" ">
    <subfield code="a">&#x995;&#x9BE;&#x9AE;&#x9BE;&#x9B2;, &#x9B8;&#x9BE;&#x9B2;&#x9C7;&#x9B9; &#x9AE;&#x9C1;&#x9B8;&#x9CD;&#x9A4;&#x9BE;&#x9AB;&#x9BE; </subfield>
    <subfield code="9">220668</subfield>
  </datafield>
  <datafield tag="700" ind1="1" ind2=" ">
    <subfield code="a">&#x9B9;&#x995;, &#x99C;&#x9B9;&#x9C1;&#x9B0;&#x9C1;&#x9B2; </subfield>
    <subfield code="9">220669</subfield>
  </datafield>
  <datafield tag="942" ind1=" " ind2=" ">
    <subfield code="2">ddc</subfield>
    <subfield code="c">BK</subfield>
  </datafield>
  <datafield tag="999" ind1=" " ind2=" ">
    <subfield code="c">74190</subfield>
    <subfield code="d">74190</subfield>
  </datafield>
  <datafield tag="952" ind1=" " ind2=" ">
    <subfield code="0">0</subfield>
    <subfield code="1">0</subfield>
    <subfield code="2">ddc</subfield>
    <subfield code="4">0</subfield>
    <subfield code="7">1</subfield>
    <subfield code="8">NFIC</subfield>
    <subfield code="a">RUCL</subfield>
    <subfield code="b">RUCL</subfield>
    <subfield code="c">Reading</subfield>
    <subfield code="d">2017-03-30</subfield>
    <subfield code="e">Biddashagor, Rajshahi</subfield>
    <subfield code="g">150.00</subfield>
    <subfield code="l">0</subfield>
    <subfield code="o">B 363.73874 MAG 2014</subfield>
    <subfield code="r">2018-03-19 00:00:00</subfield>
    <subfield code="t">C-1</subfield>
    <subfield code="w">2018-03-19</subfield>
    <subfield code="y">BK</subfield>
  </datafield>
  <datafield tag="952" ind1=" " ind2=" ">
    <subfield code="0">0</subfield>
    <subfield code="1">0</subfield>
    <subfield code="2">ddc</subfield>
    <subfield code="4">0</subfield>
    <subfield code="7">0</subfield>
    <subfield code="8">NFIC</subfield>
    <subfield code="a">RUCL</subfield>
    <subfield code="b">RUCL</subfield>
    <subfield code="c">Stack</subfield>
    <subfield code="d">2017-03-30</subfield>
    <subfield code="e">Biddashagor, Rajshahi</subfield>
    <subfield code="g">150.00</subfield>
    <subfield code="l">0</subfield>
    <subfield code="o">B 363.73874 MAG 2014</subfield>
    <subfield code="r">2018-03-19 00:00:00</subfield>
    <subfield code="t">C-2</subfield>
    <subfield code="w">2018-03-19</subfield>
    <subfield code="y">BK</subfield>
  </datafield>
  <datafield tag="952" ind1=" " ind2=" ">
    <subfield code="0">0</subfield>
    <subfield code="1">0</subfield>
    <subfield code="2">ddc</subfield>
    <subfield code="4">0</subfield>
    <subfield code="7">0</subfield>
    <subfield code="8">NFIC</subfield>
    <subfield code="a">RUCL</subfield>
    <subfield code="b">RUCL</subfield>
    <subfield code="c">Stack</subfield>
    <subfield code="d">2017-03-30</subfield>
    <subfield code="e">Biddashagor, Rajshahi</subfield>
    <subfield code="g">150.00</subfield>
    <subfield code="l">0</subfield>
    <subfield code="o">B 363.73874 MAG 2014</subfield>
    <subfield code="r">2018-03-19 00:00:00</subfield>
    <subfield code="t">C-3</subfield>
    <subfield code="w">2018-03-19</subfield>
    <subfield code="y">BK</subfield>
  </datafield>
</record>
